[Event "R1 CEIT4-Sainte Foy"]
[Site "CEIT"]
[Date "2005.03.13"]
[Round "6"]
[White "Selam, Hervé"]
[Black "Lenoir, Patrice"]
[Result "0-1"]
[WhiteElo "1490"]
[BlackElo "1470"]
[EventDate "2005.??.??"]
[PlyCount "96"]

1.e4 b6 2.d4 Bb7 3.Nc3 e6 4.Bd3 Bb4 5.Nf3 h6 6.O-O Bxc3 7.bxc3 d6 8.Re1 
Nd7 9.Qe2 e5 10.Bb5 c6 11.Ba6 Bxa6 12.Qxa6 Qc7 13.a4 Rd8 14.Nh4 Ne7 15.Ba3
Nb8 16.Qe2 O-O 17.Qg4 Qd7 18.Qg3 c5 19.Bc1 Qe6 20.d5 Qf6 21.c4 g5 22.Nf3 
Qg7 23.Nd2 f5 24.f3 f4 25.Qh3 Qg6 26.Kf2 h5 27.g3 g4 28.Qg2 fxg3+ 29.hxg3 
Rf7 30.Ke2 Rdf8 31.Rf1 Na6 32.c3 Kg7 33.a5 Nc7 34.axb6 axb6 35.Ra7 Na8 36.
Bb2 Ng8 37.Rfa1 Rxa7 38.Rxa7+ Kh8 39.Qh1 Nf6 40.Ke3 gxf3 41.Kf2 Ng4+ 42.
Kf1 f2 43.Ke2 Qg5 44.Nf1 Kg8 45.Kd1 Ne3+ 46.Nxe3 Qxe3 47.Qxh5 f1=Q+ 48.Kc2
Qee2+ 0-1

[Event "R1 CEIT4-Sainte Foy"]
[Site "CEIT"]
[Date "2005.03.13"]
[Round "6"]
[White "Lamata, Fabrice"]
[Black "Arnould, Françoise"]
[Result "1/2-1/2"]
[WhiteElo "1470"]
[BlackElo "1330"]
[EventDate "2005.??.??"]
[PlyCount "80"]

1.c4 Nf6 2.Nc3 e6 3.d4 c5 4.Nf3 Nc6 5.d5 exd5 6.Nxd5 Be7 7.Bf4 d6 8.e3 O-O
9.Bd3 Bg4 10.Qc2 Bxf3 11.gxf3 Qa5+ 12.Ke2 Rae8 13.Nxf6+ Bxf6 14.Bxh7+ Kh8 
15.Bd3 Ne5 16.Bxe5 dxe5 17.Rhg1 Re7 18.Rg3 g5 19.Be4 Rd8 20.Bd5 b5 21.Rh3+
Kg8 22.Qh7+ Kf8 23.Qh6+ Bg7 24.Qxg5 Qa4 25.b3 Qa3 26.Kf1 Qb2 27.Re1 bxc4 
28.bxc4 Qd2 29.Rg3 Qd3+ 30.Kg2 f6 31.Qg4 Rxd5 32.cxd5 Qxd5 33.Rg1 e4 34.f4
Qxa2 35.Qc8+ Kf7 36.Qxc5 Bf8 37.Qh5+ Ke6 38.Rd1 Rd7 39.f5+ Ke7 40.Qh7+ Qf7
1/2-1/2

[Event "R1 CEIT4-Sainte Foy"]
[Site "CEIT"]
[Date "2005.03.13"]
[Round "6"]
[White "Laffont, Jean-Christophe"]
[Black "Trier, Marc"]
[Result "0-1"]
[WhiteElo "1530"]
[BlackElo "1520"]
[EventDate "2005.??.??"]
[PlyCount "67"]

1.d4 Nf6 2.c4 g6 3.e3 Bg7 4.Nf3 d6 5.Bd3 O-O 6.O-O c5 7.d5 Nbd7 8.Nc3 Rb8 
9.Rb1 a6 10.e4 Ng4 11.Re1 Nge5 12.Bf1 Nxf3+ 13.Qxf3 Ne5 14.Qg3 f5 15.f4 
Nf7 16.Bd3 Nh6 17.exf5 Nxf5 18.Qf3 Re8 19.Bd2 Nd4 20.Qf1 e5 21.Kh1 Bd7 22.
b3 Qh4 23.Ne4 Nf5 24.Qf3 Rf8 25.g3 Qe7 26.Qg2 Rfe8 27.Ng5 h6 28.Nf3 Qd8 
29.Re2 Kh7 30.Rbe1 Nd4 31.Nxd4 exd4 32.Rxe8 Bxe8 33.Rf1 Qc8 34.Bc1 0-1

[Event "R1 CEIT4-Sainte Foy"]
[Site "CEIT"]
[Date "2005.03.13"]
[Round "6"]
[White "Favarel, Alexis"]
[Black "Boulogne, Laurent"]
[Result "1-0"]
[WhiteElo "1640"]
[BlackElo "1820"]
[EventDate "2005.??.??"]
[PlyCount "61"]

1.e4 c5 2.Nf3 Nc6 3.d4 cxd4 4.Nxd4 Nf6 5.Nc3 a6 6.Be2 Qc7 7.Bg5 e6 8.Qd2 
b5 9.Nxc6 Qxc6 10.Bxf6 gxf6 11.Bf3 Qc7 12.O-O Bb7 13.Qd4 Be7 14.Rad1 Rg8 
15.Rd3 Rg6 16.Rfd1 Rd8 17.R3d2 Bc5 18.Qd3 Bc6 19.a3 b4 20.axb4 Bxb4 21.
Qxa6 Bxc3 22.bxc3 Qe5 23.Qxc6 Qa5 24.Rxd7 Rxd7 25.Rxd7 Kf8 26.Qc7 Qg5 27.
Rxf7+ Kg8 28.Rd7 Qc1+ 29.Bd1 Kh8 30.Rxh7+ Kg8 31.Qf7# 1-0

[Event "R1 CEIT4-Sainte Foy"]
[Site "CEIT"]
[Date "2005.03.13"]
[Round "6"]
[White "Chevalier, Pierre"]
[Black "Misiaszek, Stephan"]
[Result "0-1"]
[WhiteElo "1300"]
[BlackElo "1410"]
[EventDate "2005.??.??"]
[PlyCount "56"]

1.e4 d6 2.d4 Nf6 3.Nc3 g6 4.f4 Bg7 5.Nf3 Bg4 6.Be3 c6 7.Bd3 b5 8.a3 a6 9.
b4 O-O 10.O-O Nbd7 11.h3 Bxf3 12.Qxf3 Rc8 13.Ne2 e5 14.f5 c5 15.bxc5 dxc5 
16.c3 cxd4 17.cxd4 exd4 18.Bf4 Nc5 19.fxg6 fxg6 20.Bb1 Nh5 21.Qg4 d3 22.
Ba2+ Kh8 23.Rad1 Nxe4 24.Bb1 Qb6+ 25.Kh2 dxe2 26.Qxe2 Nc3 27.Qe7 Nxd1 28.
Bd6 Rxf1 0-1

[Event "R1 CEIT4-Sainte Foy"]
[Site "CEIT"]
[Date "2005.03.13"]
[Round "6"]
[White "Ajdari, Emmanuel"]
[Black "Tovar Gonzales, Jesus Antonio"]
[Result "0-1"]
[WhiteElo "1670"]
[BlackElo "1570"]
[EventDate "2005.??.??"]
[PlyCount "54"]

1.e4 c5 2.Nf3 e6 3.d4 Nf6 4.e5 Nd5 5.c4 Nc7 6.Nc3 Nc6 7.d5 exd5 8.cxd5 Nb4
9.a3 Nba6 10.Bc4 d6 11.O-O Bg4 12.Re1 Be7 13.exd6 Qxd6 14.Ne4 Qg6 15.d6 
Rd8 16.Qb3 Bxf3 17.Qxf3 Ne6 18.Bb5+ Kf8 19.dxe7+ Kxe7 20.Ng5 Nc7 21.Qxb7 
Kf8 22.Nxe6+ Nxe6 23.Be3 Qc2 24.Rac1 Qf5 25.Bxc5+ Kg8 26.Be7 Qd5 27.Bxd8 
Qxb7 0-1

[Event "R1 Albi2-Tournefeuille3"]
[Site "Tournefeuille"]
[Date "2005.03.13"]
[Round "6"]
[White "Reyna, Quentin"]
[Black "Egea, Claude"]
[Result "1/2-1/2"]
[WhiteElo "1490"]
[BlackElo "1650"]
[EventDate "2005.??.??"]
[PlyCount "70"]

1.e4 e5 2.f4 exf4 3.Nf3 d5 4.exd5 Nf6 5.Bc4 Bc5 6.d4 Bd6 7.O-O O-O 8.c3 
Bg4 9.Qd3 Nbd7 10.Bb3 Bh5 11.Re1 Bg6 12.Qf1 Nb6 13.Ne5 Nbxd5 14.Nxg6 hxg6 
15.Qf3 c6 16.Nd2 Qd7 17.Nc4 Rfe8 18.Ne5 Bxe5 19.dxe5 Qg4 20.Qxg4 Nxg4 21.
Bxd5 cxd5 22.Bxf4 Re6 23.h3 Nh6 24.Rad1 Rd8 25.Rd3 f6 26.Kf2 fxe5 27.Rxe5 
Rxe5 28.Bxe5 Nf7 29.Bd4 a6 30.Rg3 Kh7 31.Re3 Rd7 32.Ke2 Nd6 33.b3 Ne4 34.
c4 Nf6 35.c5 Ne4 1/2-1/2

[Event "R1 Albi2-Tournefeuille3"]
[Site "Tournefeuille"]
[Date "2005.03.13"]
[Round "6"]
[White "Peccini, Jean-Pierre"]
[Black "Pinault, Mailys"]
[Result "0-1"]
[WhiteElo "1520"]
[BlackElo "1370"]
[EventDate "2005.??.??"]
[PlyCount "60"]

1.c4 e5 2.Nc3 Nf6 3.d3 Bb4 4.Bd2 O-O 5.Nf3 Nc6 6.e3 d6 7.Be2 Re8 8.a3 Bxc3
9.Bxc3 Be6 10.O-O Ne7 11.Ng5 Bd7 12.Bh5 Ng6 13.Qb3 Nxh5 14.Ne4 Bc6 15.Ng3 
Qg5 16.Ne4 Bxe4 17.dxe4 Nh4 18.g3 Qg6 19.Qxb7 Nf6 20.f3 Qg5 21.Bd2 Reb8 
22.Qxc7 Rxb2 23.Qxd6 Ne8 24.Qd3 Rd8 25.f4 Rxd3 26.fxg5 Rdxd2 27.Rfb1 Rg2+ 
28.Kf1 Rbf2+ 29.Ke1 Nf3+ 30.Kd1 Rg1# 0-1

[Event "R1 Albi2-Tournefeuille3"]
[Site "Tournefeuille"]
[Date "2005.03.13"]
[Round "6"]
[White "Krasnobroda, Maurice"]
[Black "Buisson, Elias"]
[Result "1-0"]
[WhiteElo "1499"]
[BlackElo "1199"]
[EventDate "2005.??.??"]
[PlyCount "43"]

1.e4 c5 2.Nf3 Nc6 3.Bc4 e6 4.Nc3 Bd6 5.O-O Nb4 6.a3 Nc6 7.Re1 Ne5 8.Bb3 
Nf6 9.d3 Nxf3+ 10.Qxf3 Be5 11.Bg5 O-O 12.Rab1 Qa5 13.Bxf6 Bxf6 14.e5 Be7 
15.Ne4 b6 16.Nf6+ gxf6 17.Qxa8 fxe5 18.Rxe5 Qa6 19.Qf3 d6 20.Rh5 e5 21.Qe4
h6 22.Rxh6 1-0

[Event "R1 Albi2-Tournefeuille3"]
[Site "Tournefeuille"]
[Date "2005.03.13"]
[Round "6"]
[White "Chiavassa, Thibaut"]
[Black "Homere, Cedric"]
[Result "0-1"]
[WhiteElo "1099"]
[BlackElo "1530"]
[EventDate "2005.??.??"]
[PlyCount "66"]

1.e4 e5 2.Nf3 Nc6 3.Nc3 h6 4.Bb5 Bb4 5.O-O Bxc3 6.dxc3 Nge7 7.Bxc6 Nxc6 8.
Qd5 f6 9.g3 Ne7 10.Qc4 Ng6 11.h4 d6 12.Rd1 Qe7 13.Be3 Bg4 14.Kg2 Nf8 15.
Rd3 Nd7 16.Qb5 O-O 17.Qxb7 Nb6 18.b4 Qd7 19.Qa6 Be6 20.a3 Bc4 21.Qxc4+ 
Nxc4 22.a4 Nb2 23.Rd5 Nxa4 24.Ra3 Nb6 25.Bxb6 axb6 26.Rxa8 Rxa8 27.Nd2 f5 
28.exf5 Qxf5 29.Nb1 Qe4+ 30.Kh2 Qxd5 31.f4 Ra1 32.fxe5 Rxb1 33.exd6 Qh1# 
0-1

[Event "R1 Albi2-Tournefeuille3"]
[Site "Tournefeuille"]
[Date "2005.03.13"]
[Round "6"]
[White "Chapelet, Jonas"]
[Black "Aurejac, Pierre"]
[Result "1/2-1/2"]
[WhiteElo "1340"]
[BlackElo "1490"]
[EventDate "2005.??.??"]
[PlyCount "94"]

1.e4 c6 2.d4 d5 3.e5 Bf5 4.f4 e6 5.Nf3 h6 6.Be2 Bb4+ 7.Bd2 Qb6 8.Bxb4 
Qxb4+ 9.Nbd2 Qxb2 10.Bd3 Ne7 11.Qb1 Qxb1+ 12.Rxb1 b6 13.Ke2 Nd7 14.Rbg1 c5
15.c3 Bxd3+ 16.Kxd3 c4+ 17.Kc2 b5 18.a3 Nb6 19.Rb1 a6 20.Rhf1 Nf5 21.Rfe1 
Kd7 22.g4 Ne7 23.Rf1 Na4 24.Ng1 g6 25.Ne2 Rab8 26.Rf2 h5 27.g5 Rb7 28.Nc1 
Rhb8 29.Na2 a5 30.Rff1 Nc6 31.h4 b4 32.axb4 axb4 33.cxb4 Nxd4+ 34.Kd1 Nc6 
35.Ke2 Nd4+ 36.Kf2 Nf5 37.Nf3 Kc6 38.Rfd1 Rd8 39.Rbc1 Kb5 40.Nd4+ Nxd4 41.
Rxd4 Ra7 42.Rcxc4 dxc4 43.Rxd8 c3 44.Rc8 Rd7 45.Ke3 Rd1 46.Nxc3+ Nxc3 47.
Rxc3 Rd7 1/2-1/2

[Event "R1 Albi2-Tournefeuille3"]
[Site "Tournefeuille"]
[Date "2005.03.13"]
[Round "6"]
[White "Buisson, Reda"]
[Black "Lambolez, Pierre-Yves"]
[Result "1-0"]
[WhiteElo "1250"]
[BlackElo "1430"]
[EventDate "2005.??.??"]
[PlyCount "57"]

1.d4 Nf6 2.e3 g6 3.Nf3 Bg7 4.Bd2 b6 5.Bb5 c6 6.Bc4 d5 7.Bb3 Ba6 8.Na3 O-O 
9.c4 Ne4 10.cxd5 Nxd2 11.Qxd2 cxd5 12.Rc1 f6 13.e4 e6 14.Qc2 Rf7 15.exd5 
exd5 16.Kd2 Bh6+ 17.Kd1 Bxc1 18.Qxc1 Kg7 19.h4 Bb7 20.h5 g5 21.h6+ Kh8 22.
Qe3 Re7 23.Qd3 Nc6 24.Qf5 Rd7 25.Re1 Bc8 26.Re8+ Qxe8 27.Qxf6+ Kg8 28.
Bxd5+ Rf7 29.Qg7# 1-0

[Event "N4B6M1 CASTEL-MOISSAC/CASTRES"]
[Site "?"]
[Date "2005.03.13"]
[Round "6"]
[White "Buiten, Herman"]
[Black "Cebellero"]
[Result "1/2-1/2"]
[WhiteElo "1620"]
[BlackElo "1460"]
[EventDate "2005.??.??"]
[PlyCount "102"]

1.b4 e5 2.Bb2 Bxb4 3.Bxe5 Nf6 4.e3 d6 5.Bb2 O-O 6.Be2 Nc6 7.Nf3 Bf5 8.O-O 
Qd7 9.d3 d5 10.Nc3 Bg6 11.Nh4 Ne5 12.a3 Bd6 13.Nb5 c6 14.Nxd6 Qxd6 15.d4 
Ned7 16.c4 Qe6 17.Nxg6 fxg6 18.cxd5 Qxd5 19.Bf3 Ne4 20.g3 Rf6 21.Bg2 Raf8 
22.Bxe4 Qxe4 23.Bc3 b6 24.a4 Rf5 25.Qb1 Qe6 26.Qa2 Rd5 27.Bb4 Rf7 28.a5 b5
29.Rac1 Rf6 30.Qe2 g5 31.Rc2 Rh6 32.f4 gxf4 33.Rxf4 Rf5 34.Rxc6 Qxc6 35.
Rxf5 Qc4 36.Qxc4+ bxc4 37.Kg2 Rc6 38.Bc3 Rc8 39.Rb5 Nf6 40.Kf3 Rf8 41.Bb4 
Rc8 42.Bc5 c3 43.Rb1 Nd5 44.Rc1 Rc7 45.e4 Rf7+ 46.Ke2 Nf6 47.Rxc3 Nxe4 48.
Rf3 Nxc5 49.Rxf7 Kxf7 50.dxc5 Ke6 51.Kd3 Kd5 1/2-1/2

[Event "N4-R6 / Tarbes-Auch"]
[Site "?"]
[Date "2005.03.13"]
[Round "?"]
[White "Pokee, Michèle"]
[Black "Aberlenc, Thomas"]
[Result "0-1"]
[WhiteElo "1360"]
[BlackElo "1700"]
[EventDate "2005.??.??"]
[PlyCount "68"]

1.e4 c6 2.Nf3 d5 3.e5 Bg4 4.Be2 e6 5.d4 c5 6.c3 Nc6 7.h3 Bxf3 8.Bxf3 Nge7 
9.Bg5 Qb6 10.Qb3 Qxb3 11.axb3 cxd4 12.Bf4 Ng6 13.Bh2 Bc5 14.b4 Bb6 15.cxd4
Nxd4 16.Bd1 O-O 17.Nd2 Rfc8 18.O-O Rc7 19.Nf3 Rac8 20.Re1 Nc2 21.Bxc2 Rxc2
22.Bg3 Rxb2 23.Rab1 Rxb1 24.Rxb1 Ne7 25.Nh4 g5 26.Nf3 Nf5 27.Kh2 h6 28.h4 
gxh4 29.Nxh4 Nxh4 30.Bxh4 Rc2 31.f4 Be3 32.Bg3 Rc4 33.Re1 Bxf4 34.Bxf4 
Rxf4 0-1

[Event "CEIT5-Millau"]
[Site "Albi"]
[Date "2005.03.13"]
[Round "6.6"]
[White "Hazak, Marcel"]
[Black "Espineira, Jose"]
[Result "0-1"]
[WhiteElo "1300"]
[BlackElo "1470"]
[EventDate "2005.??.??"]
[PlyCount "110"]

1.Nf3 d5 2.d4 Nf6 3.Bf4 Nc6 4.e3 Nh5 5.Bg5 h6 6.Bh4 g5 7.Ne5 Nxe5 8.Qxh5 
Bg4 9.Qxg4 Nxg4 10.Bg3 Bg7 11.Be2 Nf6 12.Be5 O-O 13.O-O Ne4 14.Bxg7 Kxg7 
15.f3 Nd6 16.Nc3 c6 17.f4 f6 18.Rad1 b5 19.Bd3 Nc4 20.Bxc4 bxc4 21.Na4 e5 
22.f5 exd4 23.Nc5 Re8 24.exd4 Qb6 25.b3 cxb3 26.cxb3 Kf7 27.Rf3 h5 28.h3 
Qa5 29.a4 Re1+ 30.Rxe1 Qxe1+ 31.Kh2 Re8 32.Ne6 Rxe6 33.fxe6+ Kxe6 34.h4 
Qxh4+ 35.Rh3 Qf4+ 36.Kh1 h4 37.b4 Qxd4 38.b5 cxb5 39.axb5 Kd6 40.Ra3 Kc5 
41.Rxa7 Kxb5 42.Rb7+ Kc4 43.Rb1 Kc3 44.Rf1 Kd2 45.Rf5 Ke3 46.Rf3+ Ke2 47.
Rf5 g4 48.Kh2 Qe5+ 49.Rxe5+ fxe5 50.Kg1 d4 51.g3 hxg3 52.Kg2 d3 53.Kg1 d2 
54.Kg2 e4 55.Kg1 Kf3 0-1

[Event "CEIT5-Millau"]
[Site "Albi"]
[Date "2005.03.13"]
[Round "6.5"]
[White "Dahbi, Ahmed"]
[Black "Balard, Philippe"]
[Result "1-0"]
[WhiteElo "1530"]
[BlackElo "1480"]
[EventDate "2005.??.??"]
[PlyCount "135"]

1.d4 d5 2.c4 c6 3.Nf3 g6 4.Nc3 Nf6 5.Bg5 Bg7 6.e3 O-O 7.h3 Nbd7 8.Bd3 Nb6 
9.b3 Nbd7 10.O-O a6 11.Rc1 Ne8 12.cxd5 cxd5 13.Nxd5 Ndf6 14.Nxf6+ Nxf6 15.
Qe2 b5 16.Rc2 Bb7 17.Rfc1 Rc8 18.Rxc8 Bxc8 19.Ne5 Bb7 20.Qc2 Qd5 21.f3 Rc8
$2 22.Qb1 $2 
    ( 22.Qxc8+ Bxc8 23.Rxc8+ Bf8 24.Bh6 $18 )
22...Rxc1+ 23.Qxc1 Qd8 24.Nc6 Qd7 25.Na5 b4 26.Nxb7 Qxb7 27.Qc4 a5 28.e4 
Qb8 29.d5 h6 30.Bh4 Qe5 31.Bf2 Nh5 32.Qc8+ Kh7 33.Qc5 Qa1+ 34.Kh2 Qxa2 35.
Qc2 Qa1 36.g3 Bd4 37.f4 Bxf2 38.Qxf2 Qc3 39.Qc2 Qxc2+ 40.Bxc2 Nf6 41.Kg2 
Nd7 42.Kf2 Kg7 43.Ke3 g5 44.Kd4 gxf4 45.gxf4 Kg6 46.Bd1 f6 47.Bg4 a4 48.
bxa4 Nb6 49.a5 b3 50.Be2 $6 
    ( 50.axb6 $142 b2 51.Bf5+ $18 )
50...b2 51.Bd3 Na4 52.a6 Kh5 53.Kc4 Nb6+ 54.Kb3 Kh4 55.Kxb2 Kxh3 56.Kc2 h5
57.Kd2 Kg2 58.Ke3 h4 59.Be2 h3 60.Bf3+ Kg1 61.e5 fxe5 62.fxe5 h2 63.Kd4 
h1=Q 64.Bxh1 Kxh1 65.d6 e6 66.d7 Nxd7 67.a7 Nb6 68.Kc5 1-0

[Event "CEIT5-Millau"]
[Site "Albi"]
[Date "2005.03.13"]
[Round "6.4"]
[White "Calvignac, Maurice"]
[Black "Benayoun, David"]
[Result "1-0"]
[WhiteElo "1630"]
[BlackElo "1610"]
[EventDate "2005.??.??"]
[PlyCount "101"]

1.e4 Nc6 2.d4 d5 3.e5 a6 4.g3 Bf5 5.Bg2 e6 6.a3 h6 7.Nd2 f6 8.Ngf3 Qd7 9.
O-O O-O-O 10.Re1 fxe5 11.Nxe5 Nxe5 12.Rxe5 Bd6 13.Re1 Nf6 14.c3 h5 15.h3 
g5 16.Qb3 Rde8 17.c4 c6 18.c5 Bc7 19.Nb1 Rhg8 20.Nc3 e5 21.dxe5 Rxe5 22.
Rxe5 Bxe5 23.Na4 Bc7 24.Qf3 g4 25.hxg4 Rxg4 26.Bh3 Qe7 27.Qxf5+ Kb8 28.
Bxg4 Qe1+ 29.Kg2 Nxg4 30.Qf3 d4 31.Nb6 Ka7 32.b4 Bxb6 33.cxb6+ Kxb6 34.Bb2
Qd2 35.Bc1 Qe1 36.Qf5 Ka7 37.Rb1 d3 38.Qc5+ Ka8 39.Rb2 Ne5 40.Be3 Qxe3 41.
Qxe3 Nc4 42.Qe8+ Ka7 43.Qd7 Nxb2 44.Qd4+ c5 45.Qxb2 Kb6 46.bxc5+ Kxc5 47.
Qc3+ Kb5 48.Qxd3+ Ka4 49.f4 b5 50.f5 b4 51.axb4 1-0

[Event "CEIT5-Millau"]
[Site "Albi"]
[Date "2005.03.13"]
[Round "6.3"]
[White "Lafforgue, Jean-Michel"]
[Black "Barwik, Stephane"]
[Result "1/2-1/2"]
[WhiteElo "1740"]
[BlackElo "1580"]
[EventDate "2005.??.??"]
[PlyCount "42"]

1.e4 d5 2.exd5 Nf6 3.d4 Nxd5 4.Nf3 Bg4 5.Nbd2 e6 6.a3 Be7 7.c4 Nb6 8.c5 
N6d7 9.Qb3 Qc8 10.Qe3 a5 11.Bb5 O-O 12.O-O Bf5 13.Ne4 c6 14.Be2 Na6 15.Ng3
Bg6 16.h4 h6 17.h5 Bh7 18.Bd3 Bxd3 19.Qxd3 Qd8 20.Qc2 Nf6 21.Re1 Nc7 
1/2-1/2

[Event "CEIT5-Millau"]
[Site "Albi"]
[Date "2005.03.13"]
[Round "6.2"]
[White "Chorazy, Andre"]
[Black "Landes, Rene"]
[Result "0-1"]
[WhiteElo "1740"]
[BlackElo "1670"]
[EventDate "2005.??.??"]
[PlyCount "78"]

1.b4 e5 2.Bb2 Bxb4 3.Bxe5 Nf6 4.Nc3 c6 5.Nf3 d5 6.e3 Bf5 7.Rb1 Qe7 8.Bxf6 
gxf6 9.Rb3 Bc5 10.d4 Bb6 11.Nh4 Bg6 12.Nxg6 fxg6 13.Qd2 Ba5 14.Be2 Bxc3 
15.Qxc3 O-O 16.O-O b5 17.a4 bxa4 18.Rb4 Nd7 19.Qxc6 Nb6 20.Rfb1 Rfc8 21.
Qb5 Rxc2 22.Bf3 Rac8 23.g3 Qd6 24.Bd1 Rc1 25.Kg2 Rxb1 26.Rxb1 a3 27.Qa5 
Qe6 28.Bf3 Rc7 29.Qxa3 Nc4 30.Qb4 g5 31.Qb8+ Rc8 32.Qxa7 g4 33.Be2 Qe4+ 
34.f3 Qxb1 35.Qd7 Nxe3+ 36.Kf2 Qf5 37.Qd6 gxf3 38.Bxf3 Ng4+ 39.Ke2 Rc2+ 
0-1

[Event "CEIT5-Millau"]
[Site "Albi"]
[Date "2005.03.13"]
[Round "6.1"]
[White "Muneret, Maurice"]
[Black "Croux, Laurent"]
[Result "1/2-1/2"]
[WhiteElo "1760"]
[BlackElo "1760"]
[EventDate "2005.??.??"]
[PlyCount "54"]

1.e4 c5 2.Nf3 d6 3.d4 cxd4 4.Nxd4 Nf6 5.Nc3 g6 6.f3 Bg7 7.Be3 O-O 8.Bc4 
Nc6 9.Qd2 Bd7 10.Bb3 Rc8 11.O-O-O Ne5 12.Bh6 Qa5 13.Bxg7 Kxg7 14.f4 Nc4 
15.Bxc4 Rxc4 16.Nb3 Qc7 17.Rhe1 Bg4 18.e5 dxe5 19.fxe5 Ng8 20.Ne2 Rc8 21.
c3 b5 22.Kb1 b4 23.cxb4 Rc2 24.Rc1 $2 
    ( 24.Qe3 $8 )
24...Qxe5 $4 
    ( 24...Rxd2 25.Rxc7 Rxe2 $19 )
25.Qd4 $2 
    ( 25.Rxc2 $18 )
25...Qxd4 26.Nbxd4 Rxc1+ 27.Rxc1 Rxc1+ 1/2-1/2

[Event "N4-R6 / Loures-Condom"]
[Site "?"]
[Date "2005.03.15"]
[Round "?"]
[White "Seguelong, Patrick"]
[Black "David, Philippe"]
[Result "0-1"]
[WhiteElo "1510"]
[BlackElo "1410"]
[EventDate "2005.??.??"]
[PlyCount "66"]

1.d4 Nf6 2.c4 g6 3.Nf3 c6 4.Nc3 d5 5.e3 Bg7 6.Be2 Bg4 7.Nd2 Bxe2 8.Qxe2 
O-O 9.cxd5 Nxd5 10.Nxd5 Qxd5 11.Qf3 Nd7 12.O-O e5 13.Qxd5 cxd5 14.Nb3 b6 
15.Bd2 Rac8 16.Rac1 Rc4 17.Bc3 e4 18.Nd2 Rc6 19.b3 Rfc8 20.Nb1 Bf8 21.Bd2 
Rc2 22.Rxc2 Rxc2 23.a3 Bxa3 24.Rd1 Bf8 25.Bc3 a5 26.Ba1 Bb4 27.Kf1 b5 28.
h3 a4 29.Bc3 Bxc3 30.Na3 Rb2 31.bxa4 bxa4 32.Nb1 Bb4 33.Rc1 Nb6 0-1

[Event "N4-R6 / Lardenne-Foix"]
[Site "?"]
[Date "2005.03.15"]
[Round "?"]
[White "Muratet, Lucas"]
[Black "Molet, Patrice"]
[Result "1-0"]
[WhiteElo "1450"]
[BlackElo "1499"]
[EventDate "2005.??.??"]
[PlyCount "53"]

1.Nf3 Nf6 2.d4 d5 3.c4 dxc4 4.Nc3 g6 5.e4 Bg7 6.Bxc4 c6 7.O-O O-O 8.Re1 
Nbd7 9.Bf4 Nh5 10.Bg5 h6 11.Bh4 Nb6 12.Bb3 Kh7 13.Bc2 Qc7 14.Rc1 f5 15.
exf5 Bxf5 16.Bxf5 Rxf5 17.g4 Rxf3 18.Qxf3 Nf6 19.d5 Qd7 20.dxc6 bxc6 21.
Rcd1 Qb7 22.g5 Nfd5 23.Nxd5 Nxd5 24.gxh6 Kxh6 25.Rxd5 cxd5 26.Qf4+ Kh7 27.
Rxe7 1-0

[Event "N4-R6 / Loures-Condom"]
[Site "?"]
[Date "2005.03.15"]
[Round "?"]
[White "Ponsolle, René"]
[Black "Berthelot, Nathan"]
[Result "0-1"]
[WhiteElo "1440"]
[BlackElo "1660"]
[EventDate "2005.??.??"]
[PlyCount "74"]

1.e4 d6 2.d4 Nf6 3.Nc3 g6 4.Be2 Bg7 5.Be3 O-O 6.Rb1 Nbd7 7.Nf3 c5 8.d5 Ng4
9.Bd2 Nge5 10.h3 a6 11.a4 Rb8 12.Nxe5 Nxe5 13.f4 Nd7 14.O-O Qa5 15.Qe1 c4 
16.Kh1 b5 17.axb5 axb5 18.Ra1 Qc7 19.Nd1 Nc5 20.Bf3 f5 21.exf5 Bxf5 22.Rc1
Na4 23.g4 Bd7 24.b4 c3 25.Be3 Nb2 26.Be2 Rbc8 27.Nf2 Nc4 28.Bd3 e6 29.dxe6
Bxe6 30.Nd1 Qd7 31.Qg3 d5 32.Bc5 Nd2 33.Re1 Rfe8 34.Qf2 Rxc5 35.bxc5 Bd4 
36.Ne3 {Si le roi est en h1, ce coup est incomprehensible. Le roi doit se 
trouver soit en g1, soit en h2.} 36...Bxc5 37.Qg3 Bf7 0-1

[Event "N4-R6 / Loures-Condom"]
[Site "?"]
[Date "2005.03.15"]
[Round "?"]
[White "Martin, Stéphane"]
[Black "Cordier, Christian"]
[Result "1/2-1/2"]
[WhiteElo "1630"]
[BlackElo "1510"]
[EventDate "2005.??.??"]
[PlyCount "53"]

1.Nc3 Nf6 2.d4 e6 3.e4 Bb4 4.Bg5 h6 5.Bxf6 Qxf6 6.Nf3 c5 7.e5 Qe7 8.a3 
cxd4 9.axb4 dxc3 10.bxc3 a6 11.Bd3 O-O 12.O-O b5 13.Be4 Nc6 14.Bxc6 dxc6 
15.Qd6 Qe8 16.Rfd1 Bb7 17.Qc7 Qc8 18.Qe7 Re8 19.Qc5 Qc7 20.Rd6 Red8 21.
Rad1 Rxd6 22.exd6 Qd8 23.Ne5 Rc8 24.Qa7 Rb8 25.Qc5 Rc8 26.Qa7 Rb8 27.Qc5 
1/2-1/2

[Event "N4-R6 / Montauban-Cahors"]
[Site "?"]
[Date "2005.03.15"]
[Round "?"]
[White "Delmas, Jean"]
[Black "Arigault, Thomas"]
[Result "1-0"]
[WhiteElo "1550"]
[BlackElo "1230"]
[EventDate "2005.??.??"]
[PlyCount "41"]

1.e4 e5 2.Nf3 Nc6 3.Bc4 Nf6 4.O-O d5 5.exd5 Nxd5 6.Re1 Qd6 7.d4 Bg4 8.dxe5
Nxe5 9.Qxd5 Be6 10.Qxd6 Bxd6 11.Nxe5 O-O 12.Bxe6 fxe6 13.Nf3 Rae8 14.Nc3 
c6 15.Ne4 Bc7 16.Bd2 Rf5 17.Rad1 Rb5 18.Bc3 Rh5 19.Rd7 Bb6 20.Bxg7 Rd5 21.
Nf6# 1-0

[Event "N4-R6 / Lardenne-Foix"]
[Site "?"]
[Date "2005.03.15"]
[Round "?"]
[White "Hocquet, Vincent"]
[Black "Druet, Alain"]
[Result "1-0"]
[WhiteElo "1499"]
[BlackElo "1499"]
[EventDate "2005.??.??"]
[PlyCount "57"]

1.c4 d6 2.Nc3 Nf6 3.g3 a6 4.Bg2 Nc6 5.Nf3 e5 6.d3 Nd4 7.Nxd4 exd4 8.Ne4 
Be7 9.O-O d5 10.Nxf6+ Bxf6 11.Bxd5 O-O 12.Bf4 Bh3 13.Re1 Rc8 14.Bxb7 Rb8 
15.Bxa6 Rb6 16.Bb5 Re6 17.Qa4 g5 18.Bd2 Qe7 19.Bb4 Qd8 20.Bxf8 Kxf8 21.Bc6
Re5 22.Qa8 Qxa8 23.Bxa8 h5 24.Bg2 Bxg2 25.Kxg2 g4 26.Rab1 Bg5 27.Red1 f5 
28.f4 Re3 29.fxg5 1-0

[Event "R1 Luchon-Libre échiquier Muret"]
[Site "CDMuret"]
[Date "2005.04.02"]
[Round "7.4"]
[White "Costamagna, Yves"]
[Black "Durand, Christian"]
[Result "0-1"]
[WhiteElo "1420"]
[BlackElo "1499"]
[EventDate "2005.??.??"]
[PlyCount "104"]

1.d4 c5 2.d5 d6 3.Nc3 Nf6 4.Nf3 g6 5.g3 Bg7 6.Bg2 O-O 7.O-O b6 8.a4 a5 9.
Ng5 Nbd7 10.Nge4 Nxe4 11.Nxe4 Bb7 12.Nc3 Nf6 13.e4 e5 14.Nb5 Qd7 15.c4 Ba6
16.f4 Bxb5 17.axb5 Qe7 18.f5 Nd7 19.Qg4 Bf6 20.h4 h5 21.Qh3 Kg7 22.Be3 Rh8
23.Bf2 g5 24.Ra3 g4 25.Qh2 Nf8 26.Be3 Nh7 27.Bh1 a4 28.Qd2 Nf8 29.b3 Ra5 
30.Rxa4 Rxa4 31.bxa4 Bxh4 32.gxh4 Qxh4 33.f6+ Kg8 34.Qg2 Ng6 35.Rf5 Qe1+ 
36.Qf1 Qxe3+ 37.Qf2 Qc1+ 38.Kh2 Qc3 39.Qg3 Qxc4 40.Rg5 Qc1 41.Qg2 Qxg5 42.
Kg1 Nf4 43.Qf1 Qxf6 44.Qe1 Nh3+ 45.Kg2 Qf3+ 46.Kh2 Qf2+ 47.Bg2 Qxe1 48.
Bxh3 h4 49.Bxg4 Qg3+ 50.Kh1 Qxg4 51.a5 h3 52.axb6 Qg2# 0-1

[Event "R1 Luchon-Libre échiquier Muret"]
[Site "CDMuret"]
[Date "2005.04.02"]
[Round "7.3"]
[White "Lefauqueur, Alain"]
[Black "Fouhami, Abderrabi"]
[Result "0-1"]
[WhiteElo "1410"]
[BlackElo "1480"]
[EventDate "2005.??.??"]
[PlyCount "132"]

1.e4 e5 2.Nf3 d6 3.Bc4 h6 4.O-O Bg4 5.d3 Qf6 6.Nbd2 Nc6 7.c3 Nge7 8.Qb3 
Na5 9.Qb5+ Nec6 10.Qa4 Nxc4 11.Qxc4 a6 12.Qb3 Nd8 13.Qc2 Ne6 14.h3 Bh5 15.
Nh2 Qg6 16.Nb3 b6 17.Kh1 Be7 18.f4 exf4 19.Bxf4 Nxf4 20.Rxf4 Qg3 21.Qf2 
Qxd3 22.Nc1 Qd1+ 23.Qg1 Qxg1+ 24.Kxg1 Bg5 25.Rf1 Be3+ 26.Kh1 O-O-O 27.g4 
Bg6 28.Kg2 Bxe4+ 29.Nf3 Bc6 30.Nd3 a5 31.Kg3 Rde8 32.a4 Re4 33.b4 Rhe8 34.
b5 Bd5 35.Nf2 Bxf2+ 36.Rxf2 Re3 37.Rc1 Bb3 38.Kg2 Bxa4 39.Nd4 c6 40.bxc6 
f6 41.Kh2 Kc7 42.Nf5 Re2 43.Kg1 Rxf2 44.Kxf2 Rh8 45.Re1 Kxc6 46.Ne7+ Kc5 
47.Ng6 Re8 48.Rc1 Bb3 49.Nf4 b5 50.Nh5 Re7 51.Nf4 a4 52.Ng6 Ra7 53.Nf4 Bc4
54.Ng6 a3 55.Ke1 a2 56.Ra1 b4 57.cxb4+ Kxb4 58.Kd2 Ra3 59.Nf4 Rf3 60.Ng2 
Rf2+ 61.Ke1 Rxg2 62.Kd1 Rb2 63.Rxa2 Bxa2 64.g5 fxg5 65.h4 gxh4 66.Kc1 Rb1+
0-1

[Event "R1 Luchon-Libre échiquier Muret"]
[Site "CDMuret"]
[Date "2005.04.02"]
[Round "7.2"]
[White "Moruz, Patrick"]
[Black "Miquel, Pierre"]
[Result "0-1"]
[WhiteElo "1499"]
[BlackElo "1470"]
[EventDate "2005.??.??"]
[PlyCount "90"]

1.e4 e6 2.Nf3 d5 3.exd5 exd5 4.c3 Nf6 5.d3 Be7 6.Be2 O-O 7.Nbd2 Bg4 8.h3 
Be6 9.Nb3 c5 10.Bf4 Nc6 11.Qc2 d4 12.Rd1 Rc8 13.a3 b6 14.Nc1 Nd5 15.Bg3 f5
16.c4 Nf6 17.Na2 Nh5 18.Bh2 Bf7 19.b3 Bd6 20.Qd2 Bxh2 21.Nxh2 Re8 22.O-O 
Ne5 23.Nf3 h6 24.b4 Ng6 25.g3 Qd6 26.Kh2 Re7 27.bxc5 bxc5 28.Rde1 Nf6 29.
Rg1 Be8 30.Rb1 Rb8 31.Rbc1 Bd7 32.Rc2 Nh7 33.Bf1 Bc6 34.Bg2 Rbe8 35.Re1 
Rxe1 36.Nxe1 Bxg2 37.Nxg2 Ng5 38.Qa5 Nf3+ 39.Kh1 Qc6 40.Rc1 Re2 41.Ra1 
Rxf2 42.Qd8+ Kh7 43.Qd5 Qc7 44.Qxf5 Qxg3 45.Qg4 Qh2# 0-1